| 000 | 00837nam a2200241 i 4500 | ||
|---|---|---|---|
| 001 | 125064 | ||
| 003 | ES-MaACL | ||
| 005 | 20230906192538.0 | ||
| 007 | t| | ||
| 008 | 070427s1931 sp ||||1| spa d | ||
| 080 | _a860-23"19" | ||
| 100 | 1 |
_aOliver, Federico, _d1873-1957 _986807 |
|
| 245 | 1 | 4 |
_aLos pistoleros _b: drama en tres actos y cinco cuadros / _cFederico Oliver ; dibujos de Antonio Merlo. |
| 260 |
_aMadrid : _bRibadeneyra, _c1931. |
||
| 300 |
_a62 p. : _bil. ; _c17 cm. |
||
| 490 | 1 |
_aLa Farsa ; _v224 |
|
| 500 | _aEstrenada en el Teatro Español, de Madrid, el día 5 de diciembre de 1931. | ||
| 599 | _aCub.: El genial Enrique Borrás, gloria de la escena española. | ||
| 700 | 1 |
_aMerlo, Antonio. _980579 |
|
| 830 | 1 |
_aLa Farsa ; _v224 _9185863 |
|
| 852 |
_aES-MaACL _j2217-F-7 |
||
| 999 |
_c125064 _d125064 |
||